| 000 | 00658nam a2200217 a 4500 | ||
|---|---|---|---|
| 001 | 3614 | ||
| 003 | CO-ViMGA | ||
| 008 | 141112s2004 ck r 000 u spa d | ||
| 040 |
_aCO-ViMGA _bspa _cCO-ViMGA |
||
| 082 | _a920.7 D81jg | ||
| 100 | 1 |
_aDuarte French, Jaime _95063 |
|
| 245 | 1 | 0 | _aLas Ibañez |
| 250 | _a7a | ||
| 260 |
_aBogotá : _bAncora, _c1987 |
||
| 300 | _a504 p | ||
| 590 | _aDatos de inventario : 03201, 08158 - - Forma de adquisición : canje - biblioteca Luis Ángel Arango - - Ejemplares : 3 | ||
| 650 | 1 | 4 | _aBIOGRAFIAS |
| 650 | 1 | 4 |
_aIBAÑEZ DE CARO, NICOLASA _95065 |
| 650 | 1 | 4 |
_aIBAÑEZ DE GONZALEZ, BERNARDINA _95066 |
| 942 |
_2ddc _cBK |
||
| 999 |
_c10599 _d10599 |
||